000 00739nam a2200205 i 4500
001 33283
003 ES-MaACL
005 20230906154730.0
007 t|
008 030201s1974 mx af |||| | spa d
100 1 _aBerg, Richard Lewis.
_927912
245 1 3 _aEl impacto de la economía moderna sobre la economía tradicional de Zoogocho, Oaxaca y su área circundante /
_cRichard Lewis Berg ; traducción de Ana Miret y Ana Zagury.
250 _a[1ª ed.].
260 _aMéxico :
_bInstituto Nacional Indigenista,
_c[1974]
300 _a256 p., 4 lám. :
_bil. ;
_c22 cm.
700 1 _aMiret, Ana.
_981580
700 1 _aZagury, Ana.
_9117843
710 2 _aInstituto Nacional Indigenista (México)
_95196
852 _aES-MaACL
_jA-9568
999 _c33283
_d33283